El mundo perdido (Registro nro. 60442)
[ vista simple ]
| 000 -CABECERA | |
|---|---|
| Longitud fija campo de control | 01282nam a22003617 4500 |
| 003 - • IDENTIFICADOR DELl NÚMERO DE CONTROL | |
| Identificador del número de control | CO-BoRNBP |
| 005 - • FECHA Y HORA DE LA ÚLTIMA TRANSACCIÓN | |
| Fecha y hora de la última transacción | 20260209141027.0 |
| 007 - • CAMPO FIJO DE DESCRIPCIÓN FÍSICA | |
| Campo fijo de descripción física | ta |
| 008 - • CÓDIGOS DE INFORMACIÓN DE LONGITUD FIJA | |
| Códigos de información de longitud fija | 010417s2001 sp | ||| ||spa |
| 017 ## - NÚMERO DE COPYRIGHT O DE DEPÓSITO LEGAL | |
| Número de copyright o de depósito legal | M 534-2001 |
| Agencia que asigna el número | Oficina Depósito Legal Madrid |
| 020 ## - • NÚMERO INTERNACIONAL NORMALIZADO PARA LIBROS | |
| Número Internacional Normalizado para Libros (ISBN) | 8420639273 |
| 040 ## - FUENTE DE LA CATALOGACIÓN | |
| Centro catalogador de origen | SpMaBN |
| Lengua de catalogación | spa |
| Centro transcriptor | SpMaBN |
| Normas de descripción | rdc |
| 041 1# - • CÓDIGO DE LENGUA | |
| Código de lengua del texto/banda sonora o título independiente | spa |
| Código de lengua original | eng |
| 080 ## - NÚMERO DE LA CLASIFICACIÓN DECIMAL UNIVERSAL | |
| Número de la Clasificación Decimal Universal | 087.5:82 |
| 100 1# - • PUNTO DE ACCESO PRINCIPAL-NOMBRE DE PERSONA | |
| Nombre de persona | Doyle, Arthur Conan, |
| Títulos y otros términos asociados al nombre | Sir |
| Fechas asociadas al nombre | 1859-1930 |
| 240 14 - • TÍTULO UNIFORME | |
| Título uniforme | <a href="The lost world">The lost world</a> |
| 245 13 - • TITULO PROPIAMENTE DICHO | |
| Título | El mundo perdido |
| Medio | [Texto impreso] |
| Mención de responsabilidad, etc. | Arthur Conan Doyle ; [traductor, José Agustín Mahieu] |
| 250 ## - • MENCIÓN DE EDICIÓN | |
| Mención de edición | 1a. edición |
| 300 ## - • DESCRIPCIÓN FÍSICA | |
| Extensión | 277 p. |
| Dimensiones | 18 cm |
| 336 ## - TIPO DE CONTENIDO | |
| Fuente | rdacontent |
| Término de tipo de contenido | texto |
| Código de tipo de contenido | txt |
| 337 ## - TIPO DE MEDIO | |
| Fuente | rdamedia |
| Nombre del tipo de medio | sin mediación |
| Código del tipo de medio | n |
| 338 ## - TIPO DE SOPORTE | |
| Fuente | rdacarrier |
| Nombre del tipo de soporte | volumen |
| Código del tipo de soporte | nc |
| 650 ## - • PUNTO DE ACCESO ADICIONAL DE MATERIA - TÉRMINO DE MATERIA | |
| Fuente del encabezamiento o término | LEMB |
| 700 1# - • PUNTO DE ACCESO ADICIONAL - NOMBRE DE PERSONA | |
| Nombre de persona | Mahieu, José Agustín |
| 942 ## - ENTRADA DE ELEMENTOS AGREGADOS (KOHA) | |
| Fuente de clasificaión o esquema | Dewey Decimal Classification |
| Koha [por defecto] tipo de item | LIbro |
| 956 ## - LOCALIZACIÓN Y ACCESO ELECTRÓNICO LOCAL (OCLC) | |
| Nombre de la fuente | 2 |
| 980 ## - EQUIVALENCIA O SECCIÓN-REFERENCIA-INFORME SERIES--NOMBRE / TÍTULO DE PERSONA [LOCAL, CANADA] | |
| Nombre personal | M 534-2001 |
| -- | 84-206-3927-3 |
| -- | SpMaBN |
| Numeración | BNALCALA |
| Atributo cualificador | 12/64933 |
| T&íacute;tulos u otras palabras asociadas a nombre | SG_PETANTI |
| 980 ## - EQUIVALENCIA O SECCIÓN-REFERENCIA-INFORME SERIES--NOMBRE / TÍTULO DE PERSONA [LOCAL, CANADA] | |
| Nombre personal | M 49065-2002 |
| -- | 84-206-3927-3 |
| -- | SpMaBN |
| Numeración | BNALCALA |
| Atributo cualificador | AHM/711782 |
| T&íacute;tulos u otras palabras asociadas a nombre | SG_PETANTI |
| 980 ## - EQUIVALENCIA O SECCIÓN-REFERENCIA-INFORME SERIES--NOMBRE / TÍTULO DE PERSONA [LOCAL, CANADA] | |
| Nombre personal | M 49065-2002 |
| -- | 84-206-3927-3 |
| -- | SpMaBN |
| Numeración | BNALCALA |
| Atributo cualificador | AHM/712048 |
| T&íacute;tulos u otras palabras asociadas a nombre | SG_PETANTI |
| 980 ## - EQUIVALENCIA O SECCIÓN-REFERENCIA-INFORME SERIES--NOMBRE / TÍTULO DE PERSONA [LOCAL, CANADA] | |
| Nombre personal | M 534-2001 |
| -- | 84-206-3927-3 |
| -- | SpMaBN |
| Numeración | BNALCALA |
| Atributo cualificador | DL/1042915 |
| T&íacute;tulos u otras palabras asociadas a nombre | CONSERVACI |
| 980 ## - EQUIVALENCIA O SECCIÓN-REFERENCIA-INFORME SERIES--NOMBRE / TÍTULO DE PERSONA [LOCAL, CANADA] | |
| Nombre personal | M 49065-2002 |
| -- | 84-206-3927-3 |
| -- | SpMaBN |
| Numeración | BNALCALA |
| Atributo cualificador | DL/1195072 |
| T&íacute;tulos u otras palabras asociadas a nombre | CONSERVACI |
| Perdido | Fuente de clasificación o esquema | Estado Físico | No para préstamo | Forma de adquisición | Localización permanente | Localización actual | Localización en estanterías | Fecha adquisición | Préstamos totales | Código de barras | Fecha última consulta | Número de copia | Fecha del precio de reemplazo | Tipo de item de Koha | Fuente de adquisición | Signatura completa |
|---|---|---|---|---|---|---|---|---|---|---|---|---|---|---|---|---|
| Dewey Decimal Classification | Colección General | Biblioteca Pública Lejanias | Biblioteca Pública Lejanias | General | 02/09/2026 | LEJ02250 | 02/09/2026 | Ej.1 | 02/09/2026 | LIbro | ||||||
| Dewey Decimal Classification | Literatura General | Biblioteca Pública Granada - Boca del Monte | Biblioteca Pública Granada - Boca del Monte | Literatura | 04/16/2026 | GRDA05376 | 04/16/2026 | Ej.1 | 04/16/2026 | LIbro | BIBLIOTECA NACIONAL | NG-ART |